Philosiphy, politics and society (Record no. 419737)

000 -LEADER
fixed length control field 00375cam a22001337a 4500
008 - FIXED-LENGTH DATA ELEMENTS--GENERAL INFORMATION
fixed length control field 180718b1956 xxu||||| |||| 00| 0 eng d
082 ## - DEWEY DECIMAL CLASSIFICATION NUMBER
Classification number B2 L335p
245 ## - TITLE STATEMENT
Title Philosiphy, politics and society
Statement of responsibility, etc. edited by Peter Laslett
260 ## - PUBLICATION, DISTRIBUTION, ETC.
Place of publication, distribution, etc. Great Britain
Name of publisher, distributor, etc. Oxford
Date of publication, distribution, etc. 1956
300 ## - PHYSICAL DESCRIPTION
Extent xv,184p.
500 ## - GENERAL NOTE
General note 18/-
650 ## - SUBJECT ADDED ENTRY--TOPICAL TERM
Topical term or geographic name entry element Philosiphy- politics - society
700 ## - ADDED ENTRY--PERSONAL NAME
Personal name Laslett,Peter
Holdings
Withdrawn status Lost status Damaged status Not for loan Permanent Location Current Location Date acquired Full call number Barcode Date last seen Price effective from Koha item type
        Indian Institute of Public Administration Indian Institute of Public Administration 2009-07-08 B2 L335p 3727 2018-07-21 2018-07-21 Book

Powered by Koha